| 000 | 00598cam a2200193 a 4500 | ||
|---|---|---|---|
| 020 | _a9780821372876 | ||
| 020 | _a0821372874 | ||
| 020 | _a9780821372883 (e ISBN) | ||
| 020 | _a0821372882 (e ISBN) | ||
| 040 | _cUUM | ||
| 082 | _a320 WOR 2007 A076 Or. | ||
| 245 | 0 | 0 |
_aDevelopment results in middle-income countries : _ban evaluation of the World Bank's support / |
| 260 |
_aWashington, D.C. : _bWorld Bank, _c2007. |
||
| 300 |
_axxxi, 125 p. : _bill. (some col.) ; _c28 cm. |
||
| 650 | 0 | _aEconomic development projects | |
| 650 | 0 | _aEconomic assistance | |
| 710 | 2 | _aWorld Bank. | |
| 942 | _cEK | ||
| 999 |
_c15240 _d15240 |
||